Diseño arquitectónico de Centro Turístico y Hotel de Montaña en el Embalse Las Canoas Teustepe, Boaco
Presenta el diseño arquitectónico del Centro turístico y Hotel de Montaña en el Embalse Las canoas Teustepe Boaco. Contiene experiencia de diseño y construcción de centros turísticos y hoteles. Análisis de los factores de diseño arquitectónico para centros turísticos y hoteles en Lasa can...
| Main Authors: | , |
|---|---|
| Other Authors: | |
| Format: | Tesis Section = Libro |
| Language: | Undetermined Spanish |
| Published: |
Managua
UNI
2004
|
| Subjects: |
| LEADER | 01502nam a2200265Ia 4500 | ||
|---|---|---|---|
| 008 | 240830s9999 xx 000 0 und d | ||
| 040 | |a BIBLIOTECA-RUSB/ Mon 721 R622 | ||
| 041 | |a spa | ||
| 082 | |a Mon 721 R622 | ||
| 100 | 1 | |a Rivers Obando, Rafael E | |
| 100 | 1 | |b Mena Duarte, Cela María | |
| 245 | 1 | 0 | |a Diseño arquitectónico de Centro Turístico y Hotel de Montaña en el Embalse Las Canoas Teustepe, Boaco |
| 260 | |a Managua |b UNI |c 2004 | ||
| 300 | |a 93 p. :il. | ||
| 500 | |a Contiene: anexos y glosarios. | ||
| 502 | |a Tesis (Arquitecto) - UNI, 2004. | ||
| 520 | 3 | |a Presenta el diseño arquitectónico del Centro turístico y Hotel de Montaña en el Embalse Las canoas Teustepe Boaco. Contiene experiencia de diseño y construcción de centros turísticos y hoteles. Análisis de los factores de diseño arquitectónico para centros turísticos y hoteles en Lasa canoas, Teustepe Boaco. Características, principios y tratamiento arquitectónicos para centros turísticos y hoteles. El presente trabajo tiene su fundamento en el desarrollo del turismo nacional que consiste en | |
| 650 | 7 | |a DISEÑO ARQUITECTONICO CENTRO TURISTICO - HOTEL DE MONTAÑA | |
| 650 | 7 | |b MODELOS ANALOGOS - CENTROS TURISTICOS - HOTELES | |
| 650 | 7 | |c TIPOLOGIAS ARQUITECTONICA - CENTROS TURISTICOS - HOTELES | |
| 650 | 7 | |d PROPUESTA DE ANTEPROYECTO DE DISEÑO - CENTROTURISTICO LAS CANOAS | |
| 700 | 1 | |a Tutor: |b Medrano Aguirre, Pablo José | |
| 942 | |c BK |2 ddc | ||
| 991 | |a TESIS | ||
| 999 | |c 21182 | ||